| 000 | 00858nam a2200289 a 4500 | ||
|---|---|---|---|
| 001 | vtls001527821 | ||
| 003 | NLI | ||
| 005 | 20210627144827.0 | ||
| 008 | 121212s1901 nyu 000 0 eng | ||
| 039 | 9 |
_y201212121613 _zVLOAD |
|
| 040 | 0 |
_aNLI _beng _cXData_1 _eAACR2 |
|
| 041 | 1 | _aeng | |
| 044 | _anyu | ||
| 082 | _a157 | ||
| 100 | 1 |
_aTasso, Torquato _9757104 |
|
| 245 | 1 | 0 |
_aJervsalem delivered / _cby Torquato Tasso ; translated by Edward Fairfax ; edited by Henry Morley |
| 260 |
_aNew York : _bColonial Press, _c1901 |
||
| 300 |
_axxi, 446 p. ; _c23 cm. |
||
| 650 | 0 | _aItalian literature | |
| 700 | 1 |
_aFairfax, Edward, _4trl _9757106 |
|
| 700 | 1 |
_aMorley, Henry, _4edt _9747612 |
|
| 887 | _a | ||
| 901 |
_aIMP292634 _b22.09.1959 |
||
| 902 | _a157 C 281 | ||
| 949 |
_AVIRTUAITEM _D10000 _X100 _6IMP000292634ENG |
||
| 942 |
_2ddc _cBKS |
||
| 999 |
_aVIRTUA40 _c977922 _d977922 |
||